000 00602nam a2200229Ia 4500
003 OSt
005 20220918194750.0
006 a|||||r|||| 00| 0
007 ta
008 220917b |||||||| |||| 00| 0 eng d
024 _a81,451
037 _cTextual
040 _aARTS
_cARTS
_beng
041 _2eng
_aeng
082 _aS:70gY:434, M3
100 _aHusain M G ed
_986949
245 0 _aPsycho- ecological dimensions of poverty
260 _aN.D
_bmanohar
_c1983
650 _aPSYCHOLOGY
942 _hS:70gY:434, M3
_cTEXL
_2CC
999 _c205173
_d205173